000 00562nmm a2200181Ia 4500
008 251105s9999||||xx |||||||||||||||||und||
020 _a9788497888349
041 _aspa
100 _aFerran Ferrer, Núria
245 0 _aBúsqueda y recuperación de la información
264 _a[Madrid, España] :
_bUniversitat Oberta de Catalunya,
_c2009
300 _a98 páginas
650 _aTechnology and computing
700 _aFerran Ferrer, Núria
700 1 _a Pérez-Montoro, Mario
856 _uhttps://public.digitaliapublishing.com/a/19963
942 _cCF
999 _c65422
_d65422